Every Country to win an Olympic Medal: Equestrian - Statistics

General Stats
  • This quiz has been taken 18 times
  • The average score is 23 of 32
Answer Stats
# of Medals Country % Correct
45 France
100%
45 Great Britain
100%
4 Spain
100%
55 USA
100%
14 Belgium
89%
23 Italy
89%
7 Mexico
89%
28 Netherlands
89%
45 Sweden
89%
3 Brazil
83%
7 Canada
83%
7 Denmark
83%
61 Germany
83%
1 Norway
83%
3 Portugal
83%
15 Australia
78%
1 Ireland
78%
3 Austria
72%
6 Poland
72%
24 Switzerland
72%
2 Japan
67%
10 New Zealand
67%
1 Argentina
61%
1 Hungary
50%
2 Romania
50%
1 Bulgaria
44%
2 Chile
44%
2 Saudi Arabia
44%
15 Soviet Union
44%
25 West Germany
39%
1 Czechoslovakia
33%
14 United Team of Germany
11%
No matching quizzes found
Score Distribution
Percent of People with Each Score
Percentile by Number Answered
Your Score History
You have not taken this quiz